| Поле | Инд. | ПП | Название | Значение |
|---|---|---|---|---|
| Тип записи | a | |||
| Библиографический уровень | a | |||
| 001 | Контрольный номер | 523f55eb91324ea796dd36fb6112092d | ||
| 005 | Дата корректировки | 20170301142655.4 | ||
| 020 | a | ISBN | 5-02-010266-0 | |
| 040 | a | Служба первич. каталог. | НБ ТвГУ | |
| b | Код языка каталог. | rus | ||
| e | Правила каталог. | PSBO | ||
| 041 | 0_ | a | Код языка текста | rus |
| 097 | b | Оператор | novikova | |
| 100 | 1_ | a | Автор | Мирный Семен Максимович |
| q | Полное имя | Мирный С. М. | ||
| 245 | 10 | a | Заглавие | Александра Коллонтай: какой я ее помню |
| 260 | a | Место издания | Москва | |
| b | Издательство | Наука | ||
| 520 | 0_ | a | Аннотация | Кредо о деятельности посла А. М. Коллонтай выразила в таких словах: «Искусство завязывать отношения с людьми и развивать эти отношения. Дипломат, не давший своей стране новых друзей, не может называться дипломатом». Александра Михайловна Коллонтай достойно представляла за границей свою страну, СССР. |
| 653 | 0_ | a | Ключевые слова | Коллонтай Александра Михайловна |
| a | Ключевые слова | Воспоминания | ||
| a | Ключевые слова | Швеция, страна | ||
| a | Ключевые слова | Норвегия, страна | ||
| a | Ключевые слова | СССР, страна | ||
| a | Ключевые слова | Советский посол | ||
| 773 | 18 | w | Контрольный № источника | RU/IS/BASE/318428191 |
| t | Название источника | Северная Европа | ||
| d | Место и дата издания | Москва : Наука, 2005 | ||
| g | Прочая информация | Вып. 5. - С. 292-299 | ||
| 901 | t | Тип документа | a | |
| 920 | a | Оператор | Нови |